[Event "Sant Adria de Besos op 12th"]
[Site "Sant Adria de Besos"]
[Date "2016.05.22"]
[Round "5"]
[White "Fernandez Diaz Mascort, Miguel"]
[Black "Gurri Mancera, Ferran"]
[Result "1/2-1/2"]
[WhiteElo "2258"]
[BlackElo "2153"]
[PlyCount "29"]
[EventDate "2016.04.10"]
[EventType "swiss"]
[EventRounds "9"]
[EventCountry "ESP"]
[SourceTitle "EXT 2017"]
[Source "ChessBase"]
[SourceDate "2016.10.25"]
[SourceVersion "1"]
[SourceVersionDate "2016.10.25"]
[SourceQuality "1"]

1. c4 c6 2. e4 d5 3. exd5 cxd5 4. d4 e6 5. Nf3 Nf6 6. Nc3 Be7 7. cxd5 Nxd5 8. Bc4 Nb6 9. Bb3 N8d7 10. 0-0 0-0 11. Re1 Nf6 12. Bg5 Bd7 13. a4 Nfd5 14. Bxe7 Nxe7 15. Ne5 1/2-1/2

[Event "Barcelona Sant Marti op 3rd"]
[Site "Barcelona"]
[Date "2014.02.06"]
[Round "4"]
[White "Gurri Mancera, Ferran"]
[Black "Pascual Gonzalez, Novelles Carle"]
[Result "1-0"]
[WhiteElo "2244"]
[BlackElo "1992"]
[PlyCount "139"]
[EventDate "2014.01.16"]
[EventType "swiss"]
[EventRounds "9"]
[EventCountry "ESP"]
[SourceTitle "EXT 2015"]
[Source "ChessBase"]
[SourceDate "2014.11.20"]
[SourceVersion "1"]
[SourceVersionDate "2014.11.20"]
[SourceQuality "1"]

1. d4 Nf6 2. c4 g6 3. f3 Bg7 4. e4 d6 5. Nc3 0-0 6. Be3 Nbd7 7. Nge2 c5 8. d5 Ne5 9. Ng3 h5 10. Be2 a6 11. 0-0 e6 12. a4 Qb6 13. a5 Qd8 14. h3 exd5 15. cxd5 h4 16. Nh1 Re8 17. Qd2 Nh7 18. f4 Nd7 19. Nf2 Ndf6 20. Kh2 Qe7 21. Ra3 Rb8 22. Rb3 Qc7 23. Ra3 b5 24. axb6 Rxb6 25. Rfa1 Qb8 26. R1a2 Re7 27. Bxa6 Bxa6 28. Rxa6 Rxa6 29. Rxa6 Rb7 30. Ra2 Nh5 31. Nh1 Rb4 32. g4 N5f6 33. Nf2 Nd7 34. Nfd1 Nhf6 35. Qc2 Nb6 36. Kg2 Nc4 37. Bf2 Qc8 38. Qe2 Nd7 39. Bxh4 Bh6 40. g5 Bg7 41. Bf2 f6 42. gxf6 Nxf6 43. Ra4 Nh5 44. Qg4 Qxg4+ 45. hxg4 Rxa4 46. Nxa4 Nxf4+ 47. Kf3 Nd3 48. b3 Nd2+ 49. Ke2 Nxf2 50. Kxd2 Nxe4+ 51. Ke2 Bd4 52. Nb6 Kf7 53. Ne3 Bxe3 54. Kxe3 Nf6 55. g5 Ng4+ 56. Kf4 Ne5 57. Nc8 Nd3+ 58. Ke3 Nc1 59. Nxd6+ Ke7 60. Ne4 Nxb3 61. Kd3 Na5 62. Kc3 Nb7 63. Kb3 Kd7 64. Ka4 Kc7 65. Kb5 Nd6+ 66. Nxd6 Kxd6 67. Kc4 Kd7 68. Kxc5 Kc7 69. Kd4 Kd6 70. Ke4 1-0

[Event "Guinardo MC"]
[Site "Guinardo"]
[Date "2013.12.29"]
[Round "3.4"]
[White "Gurri Mancera, Ferran"]
[Black "Fernandez Aguilar, Francisco"]
[Result "0-1"]
[WhiteElo "2242"]
[BlackElo "2199"]
[PlyCount "88"]
[EventDate "2013.12.27"]
[EventType "swiss"]
[EventRounds "9"]
[EventCountry "ESP"]
[SourceTitle "EXT 2024"]
[Source "ChessBase"]
[SourceDate "2023.10.10"]
[SourceVersion "1"]
[SourceVersionDate "2023.10.10"]
[SourceQuality "1"]

1. d4 d5 2. c4 c6 3. Nf3 Nf6 4. Nc3 e6 5. Bg5 dxc4 6. e4 b5 7. e5 h6 8. Bh4 g5 9. Nxg5 hxg5 10. Bxg5 Be7 11. Bxf6 Bxf6 12. exf6 Qxf6 13. g3 Na6 14. Bg2 Bb7 15. Ne4 Qe7 16. 0-0 0-0-0 17. a4 f5 18. axb5 cxb5 19. Rxa6 Bxa6 20. Nc5 Qxc5 21. dxc5 Rxd1 22. Rxd1 b4 23. Rc1 Kc7 24. h4 c3 25. b3 Bb7 26. Ra1 Ra8 27. h5 a5 28. Bxb7 Kxb7 29. h6 a4 30. Kg2 a3 31. Kf3 Kc6 32. Kf4 Kxc5 33. Ke5 Rh8 34. Kxe6 Kd4 35. Rd1+ Ke4 36. Re1+ Kf3 37. Re5 Re8+ 38. Kf7 Rh8 39. Rxf5+ Ke4 40. Rf4+ Kd3 41. Kg7 Rxh6 42. Kxh6 a2 43. g4 a1Q 44. g5 c2 0-1

[Event "Cerdanyola MC 3rd"]
[Site "Cerdanyola del Valles"]
[Date "2013.11.30"]
[Round "9"]
[White "Gurri Mancera, Ferran"]
[Black "Campos Cayuelas, Adria"]
[Result "1-0"]
[WhiteElo "2074"]
[BlackElo "1973"]
[PlyCount "67"]
[EventDate "2013.10.05"]
[EventType "tourn"]
[EventRounds "9"]
[EventCountry "ESP"]
[SourceTitle "EXT 2015"]
[Source "ChessBase"]
[SourceDate "2014.11.20"]
[SourceVersion "1"]
[SourceVersionDate "2014.11.20"]
[SourceQuality "1"]

1. d4 Nf6 2. c4 e6 3. Nc3 c5 4. d5 exd5 5. cxd5 d6 6. e4 g6 7. f3 Bg7 8. Nge2 0-0 9. Ng3 a6 10. a4 b6 11. Be2 Nbd7 12. 0-0 Re8 13. Be3 Rb8 14. Qd2 Qc7 15. Rac1 c4 16. b4 b5 17. axb5 axb5 18. Ra1 Rb7 19. Ra5 Qb8 20. Bd4 Ne5 21. h3 Ned7 22. f4 Nf8 23. Bf3 Bd7 24. e5 dxe5 25. fxe5 Rxe5 26. d6 Re6 27. Bxb7 Qxb7 28. Bc5 h5 29. Qf2 N8h7 30. Ra7 Qc8 31. Nd5 Qd8 32. Nb6 Bc6 33. Rc7 h4 34. Ne2 1-0

[Event "Cerdanyola MC 3rd"]
[Site "Cerdanyola del Valles"]
[Date "2013.11.23"]
[Round "8"]
[White "Valencia Jimenez, Jose"]
[Black "Gurri Mancera, Ferran"]
[Result "0-1"]
[WhiteElo "2124"]
[BlackElo "2074"]
[PlyCount "63"]
[EventDate "2013.10.05"]
[EventType "tourn"]
[EventRounds "9"]
[EventCountry "ESP"]
[SourceTitle "EXT 2015"]
[Source "ChessBase"]
[SourceDate "2014.11.20"]
[SourceVersion "1"]
[SourceVersionDate "2014.11.20"]
[SourceQuality "1"]

1. d4 e6 2. c4 f5 3. Nc3 Nf6 4. Qc2 Bb4 5. e3 0-0 6. Bd3 d6 7. Nge2 Nc6 8. 0-0 Bxc3 9. Qxc3 a5 10. b3 Qe7 11. a3 e5 12. d5 Nd8 13. Bb2 Nf7 14. b4 b6 15. Ng3 e4 16. Bc2 Ne5 17. f3 axb4 18. axb4 Rxa1 19. Bxa1 exf3 20. gxf3 Ne8 21. f4 Ng4 22. Re1 Bd7 23. h3 Nh6 24. e4 fxe4 25. Rxe4 Qf7 26. Qe1 Nf5 27. Kh2 Nf6 28. Nxf5 Nxe4 29. Bxg7 Qxf5 30. Bxf8 Qxf4+ 31. Kg1 Ng5 32. Be7 0-1

[Event "Cerdanyola MC 3rd"]
[Site "Cerdanyola del Valles"]
[Date "2013.11.02"]
[Round "5"]
[White "Gurri Mancera, Ferran"]
[Black "Fernandez Aguilar, Francisco"]
[Result "0-1"]
[WhiteElo "2074"]
[BlackElo "2041"]
[PlyCount "84"]
[EventDate "2013.10.05"]
[EventType "tourn"]
[EventRounds "9"]
[EventCountry "ESP"]
[SourceTitle "EXT 2015"]
[Source "ChessBase"]
[SourceDate "2014.11.20"]
[SourceVersion "1"]
[SourceVersionDate "2014.11.20"]
[SourceQuality "1"]

1. d4 d5 2. c4 c6 3. Nf3 Nf6 4. Nc3 e6 5. Bg5 dxc4 6. e4 b5 7. e5 h6 8. Bh4 g5 9. Nxg5 hxg5 10. Bxg5 Nbd7 11. g3 Rg8 12. h4 Rxg5 13. hxg5 Nd5 14. g6 fxg6 15. Qg4 Qe7 16. Bg2 Kd8 17. Qxg6 N7b6 18. 0-0 Nxc3 19. bxc3 Kc7 20. f4 Qg7 21. f5 a5 22. g4 Nd5 23. Bxd5 cxd5 24. Qxg7+ Bxg7 25. f6 Bh6 26. f7 Bd7 27. g5 Bxg5 28. f8Q Rxf8 29. Rxf8 b4 30. Kf2 bxc3 31. Ke2 c2 32. Rff1 Bb5 33. Rg1 c3+ 34. Kf3 Bd2 35. a4 Bc4 36. Kf2 Kb6 37. Kf3 Bb3 38. Ke2 Bxa4 39. Rxa4 c1Q 40. Rxc1 Bxc1 41. Kd3 Bb2 42. Ra2 Kb5 0-1

[Event "Cerdanyola MC 3rd"]
[Site "Cerdanyola del Valles"]
[Date "2013.10.05"]
[Round "1"]
[White "Gurri Mancera, Ferran"]
[Black "Mas Recorda, Pere"]
[Result "1/2-1/2"]
[WhiteElo "2074"]
[BlackElo "2030"]
[PlyCount "36"]
[EventDate "2013.10.05"]
[EventType "tourn"]
[EventRounds "9"]
[EventCountry "ESP"]
[SourceTitle "EXT 2015"]
[Source "ChessBase"]
[SourceDate "2014.11.20"]
[SourceVersion "1"]
[SourceVersionDate "2014.11.20"]
[SourceQuality "1"]

1. c4 c5 2. Nc3 Nc6 3. g3 g6 4. Bg2 Bg7 5. e3 e6 6. Nge2 Nge7 7. 0-0 0-0 8. d3 d6 9. a3 a6 10. Rb1 Rb8 11. Qc2 Qc7 12. Bd2 Bd7 13. b4 b6 14. bxc5 bxc5 15. Rxb8 Rxb8 16. Rb1 Rxb1+ 17. Qxb1 Qb8 18. Qxb8+ Nxb8 1/2-1/2

[Event "Girona op-A 4th"]
[Site "Girona"]
[Date "2013.07.17"]
[Round "3"]
[White "Pruja Ramirez de Cartagena, Eduardo"]
[Black "Gurri Mancera, Ferran"]
[Result "0-1"]
[WhiteElo "1789"]
[BlackElo "2052"]
[PlyCount "56"]
[EventDate "2013.07.15"]
[EventType "swiss"]
[EventRounds "9"]
[EventCountry "ESP"]
[SourceTitle "CBM 155 Extra"]
[Source "ChessBase"]
[SourceDate "2013.08.26"]
[SourceVersion "1"]
[SourceVersionDate "2013.08.26"]
[SourceQuality "1"]

1. e4 e6 2. d3 d5 3. Nd2 c5 4. Ngf3 Nc6 5. g3 g6 6. Bg2 Bg7 7. 0-0 Nge7 8. Re1 b6 9. e5 0-0 10. Nf1 h6 11. h4 Qc7 12. Bf4 Ba6 13. Ne3 h5 14. c3 Rac8 15. Nc2 Rfd8 16. Qe2 Nf5 17. Nh2 d4 18. Rad1 c4 19. dxc4 dxc3 20. Rxd8+ Rxd8 21. b3 Ncd4 22. Qd3 Nxb3 23. Qxc3 Na5 24. Na3 Rc8 25. Rc1 Bf8 26. Bd2 Nxc4 27. Bf1 Bxa3 28. Bxc4 Bxc1 0-1

[Event "Girona op-A 4th"]
[Site "Girona"]
[Date "2013.07.16"]
[Round "2"]
[White "Gurri Mancera, Ferran"]
[Black "Parayre Soguero, Jordi"]
[Result "1-0"]
[WhiteElo "2052"]
[BlackElo "1947"]
[PlyCount "77"]
[EventDate "2013.07.15"]
[EventType "swiss"]
[EventRounds "9"]
[EventCountry "ESP"]
[SourceTitle "CBM 155 Extra"]
[Source "ChessBase"]
[SourceDate "2013.08.26"]
[SourceVersion "1"]
[SourceVersionDate "2013.08.26"]
[SourceQuality "1"]

1. d4 Nf6 2. c4 e6 3. Nc3 Bb4 4. f3 d5 5. a3 Bxc3+ 6. bxc3 0-0 7. cxd5 exd5 8. e3 c5 9. Bd3 Nc6 10. Ne2 Re8 11. 0-0 c4 12. Bc2 b5 13. Ng3 h5 14. Rb1 h4 15. Nh1 Rb8 16. Nf2 a5 17. e4 b4 18. axb4 axb4 19. Ba4 Bd7 20. e5 Nh7 21. Bxc6 Bxc6 22. cxb4 Ra8 23. f4 Bd7 24. Bd2 Bf5 25. Ra1 Qb6 26. Bc3 Qg6 27. Qf3 h3 28. g4 Nf8 29. Kh1 Be4 30. Nxe4 dxe4 31. Qxh3 f6 32. f5 Qg5 33. e6 e3 34. Qf3 Rxa1 35. Rxa1 Qh4 36. Rg1 Nh7 37. Qxe3 Ng5 38. Be1 Qh6 39. d5 1-0

[Event "Cerdanyola del Valles op 30th"]
[Site "Cerdanyola del Valles"]
[Date "2012.09.29"]
[Round "1"]
[White "Gurri Mancera, Ferran"]
[Black "Povill Claros, Xavier"]
[Result "1-0"]
[WhiteElo "1917"]
[BlackElo "1690"]
[PlyCount "55"]
[EventDate "2012.09.29"]
[EventType "swiss"]
[EventRounds "8"]
[EventCountry "ESP"]
[SourceTitle "EXT 2014"]
[Source "ChessBase"]
[SourceDate "2013.11.20"]
[SourceVersion "1"]
[SourceVersionDate "2013.11.20"]
[SourceQuality "1"]

1. d4 e6 2. c4 Nf6 3. Nc3 Bb4 4. f3 c5 5. a3 cxd4 6. axb4 dxc3 7. bxc3 d5 8. cxd5 Qxd5 9. Qxd5 Nxd5 10. e4 Nf6 11. Be3 a6 12. Ne2 0-0 13. Nd4 Nc6 14. Nxc6 bxc6 15. Be2 Bb7 16. Kf2 Rfc8 17. Ra5 Ne8 18. Rd1 Nf6 19. Rda1 Ne8 20. Bxa6 Bxa6 21. Rxa6 Rxa6 22. Rxa6 Nd6 23. Ke2 Nc4 24. Bf4 Kf8 25. Kd3 Nb2+ 26. Kc2 Nc4 27. Kb3 e5 28. Kxc4 1-0

[Event "Canet de Mar Tancat del Maresme 5th"]
[Site "Canet de Mar"]
[Date "2012.05.26"]
[Round "7"]
[White "Gurri Mancera, Ferran"]
[Black "Mas Recorda, Pere"]
[Result "1/2-1/2"]
[WhiteElo "2172"]
[BlackElo "2194"]
[PlyCount "51"]
[EventDate "2012.04.14"]
[EventType "swiss"]
[EventRounds "9"]
[EventCountry "ESP"]
[SourceTitle "EXT 2024"]
[Source "ChessBase"]
[SourceDate "2023.10.10"]
[SourceVersion "1"]
[SourceVersionDate "2023.10.10"]
[SourceQuality "1"]

1. d4 e6 2. c4 f5 3. g3 Nf6 4. Bg2 d5 5. Nf3 c6 6. 0-0 Bd6 7. b3 Qe7 8. Ne5 0-0 9. Nd2 Nbd7 10. Ndf3 Ne4 11. Bf4 g5 12. Nxd7 Bxd7 13. Bxd6 Nxd6 14. Ne5 g4 15. f3 gxf3 16. exf3 Rf6 17. Qd2 Nf7 18. Rfe1 dxc4 19. bxc4 Rd8 20. Nxf7 Rxf7 21. f4 Bc8 22. Rad1 Qf6 23. Re5 Kg7 24. Qe3 a6 25. Bf3 Rff8 26. Kg2 1/2-1/2

[Event "LSS No Engine Cup 53 Preliminary 2"]
[Site "LSS email"]
[Date "2011.11.03"]
[Round "?"]
[White "Yangibayev, N."]
[Black "Gurri Mancera, Ferran"]
[Result "0-1"]
[WhiteElo "1056"]
[BlackElo "1600"]
[PlyCount "60"]
[EventDate "2011.11.04"]
[EventType "tourn (corr)"]
[EventRounds "6"]
[EventCountry "GER"]
[SourceTitle "Corr 2022"]
[Source "ChessBase"]
[SourceDate "2021.10.24"]
[SourceVersion "1"]
[SourceVersionDate "2021.10.24"]
[SourceQuality "1"]

1. d4 e6 2. e4 d5 3. e5 c5 4. c3 Nc6 5. Nf3 Qb6 6. Be3 Qxb2 7. Nbd2 Qxc3 8. Rc1 Qa3 9. Ra1 c4 10. Be2 Nge7 11. 0-0 Nf5 12. Bf4 Nfxd4 13. Nxd4 Nxd4 14. Re1 Nxe2+ 15. Rxe2 Bc5 16. Nf3 Bd7 17. Rb1 b6 18. Bc1 Qa4 19. Qd2 0-0-0 20. Qg5 Qd1+ 21. Re1 Qc2 22. Be3 h6 23. Qf4 g5 24. Qxf7 Rdf8 25. Qg7 Rh7 26. Bxc5 Rxg7 27. Bxf8 Rf7 28. Bxh6 g4 29. Nd2 Kb7 30. a3 c3 0-1

[Event "ZI-2011-0-01067"]
[Site "LSS email"]
[Date "2011.08.27"]
[Round "?"]
[White "Correa de Almeida, Claudio"]
[Black "Gurri Mancera, Ferran"]
[Result "1-0"]
[WhiteElo "1742"]
[BlackElo "1598"]
[PlyCount "45"]
[EventDate "2011.07.30"]
[EventType "match (corr)"]
[EventRounds "2"]
[EventCountry "GER"]
[SourceTitle "Telechess CBM 149"]
[Source "ChessBase"]
[SourceDate "2012.07.17"]
[SourceVersion "1"]
[SourceVersionDate "2012.07.17"]
[SourceQuality "1"]

1. d4 e6 2. e4 d5 3. Nc3 Bb4 4. e5 c5 5. a3 Bxc3+ 6. bxc3 Ne7 7. h4 Qa5 8. Bd2 Qa4 9. Nf3 Nbc6 10. h5 cxd4 11. h6 dxc3 12. Bxc3 Qe4+ 13. Be2 gxh6 14. Rh4 Qg6 15. g3 Nf5 16. Bd3 h5 17. Rf4 0-0 18. Rb1 Rd8 19. g4 hxg4 20. Nh4 Qh6 21. Rxg4+ Kh8 22. Bd2 Qf8 23. Bg5 1-0

[Event "ZI-2011-0-01067"]
[Site "LSS email"]
[Date "2011.08.27"]
[Round "?"]
[White "Gurri Mancera, Ferran"]
[Black "Correa de Almeida, Claudio"]
[Result "0-1"]
[WhiteElo "1598"]
[BlackElo "1742"]
[PlyCount "54"]
[EventDate "2011.07.30"]
[EventType "match (corr)"]
[EventRounds "2"]
[EventCountry "GER"]
[SourceTitle "Telechess CBM 149"]
[Source "ChessBase"]
[SourceDate "2012.07.17"]
[SourceVersion "1"]
[SourceVersionDate "2012.07.17"]
[SourceQuality "1"]

1. d4 Nf6 2. c4 e6 3. Nf3 Bb4+ 4. Nbd2 0-0 5. a3 Be7 6. e4 d5 7. e5 Nfd7 8. cxd5 exd5 9. Bd3 c5 10. 0-0 Nc6 11. Re1 a5 12. Qc2 h6 13. Nf1 cxd4 14. Ng3 Nc5 15. Nf5 Nxd3 16. Qxd3 Bxf5 17. Qxf5 Qb6 18. e6 fxe6 19. Qxe6+ Kh8 20. Ne5 Rf6 21. Qxd5 Nxe5 22. Rxe5 Bd6 23. Rh5 Re8 24. g4 Re1+ 25. Kg2 d3 26. Be3 Rxe3 27. fxe3 Qxb2+ 0-1

[Event "OP-2011-0-01744"]
[Site "LSS email"]
[Date "2011.08.26"]
[Round "?"]
[White "Gurri Mancera, Ferran"]
[Black "Kerecsenyi, Zoltan"]
[Result "0-1"]
[WhiteElo "1499"]
[BlackElo "1579"]
[PlyCount "66"]
[EventDate "2011.08.23"]
[EventType "tourn (corr)"]
[EventRounds "4"]
[EventCountry "GER"]
[SourceTitle "Telechess CBM 157"]
[Source "ChessBase"]
[SourceDate "2013.11.12"]
[SourceVersion "1"]
[SourceVersionDate "2013.11.12"]
[SourceQuality "1"]

1. d4 Nf6 2. c4 Nc6 3. Nc3 e5 4. d5 Ne7 5. g3 Ng6 6. Bg2 Bc5 7. Nf3 d6 8. b4 Bb6 9. 0-0 a6 10. Ne1 0-0 11. Nd3 a5 12. c5 axb4 13. cxb6 bxc3 14. Bg5 h6 15. Bxf6 Qxf6 16. Qb3 Bg4 17. f3 Bd7 18. Qxc3 cxb6 19. f4 Rfc8 20. Qb2 Qe7 21. f5 Nh8 22. e4 b5 23. Rfc1 f6 24. Bf1 Nf7 25. Nf2 Rc5 26. Nd3 Rc4 27. Rxc4 bxc4 28. Qxb7 Qe8 29. Nf2 Bb5 30. h4 Rb8 31. Qa7 c3 32. Bd3 Bxd3 33. Nxd3 c2 0-1

[Event "OP-2011-0-01744"]
[Site "LSS email"]
[Date "2011.08.26"]
[Round "?"]
[White "Koehler, Josef"]
[Black "Gurri Mancera, Ferran"]
[Result "1-0"]
[WhiteElo "2047"]
[BlackElo "1499"]
[PlyCount "49"]
[EventDate "2011.08.23"]
[EventType "tourn (corr)"]
[EventRounds "4"]
[EventCountry "GER"]
[SourceTitle "Telechess CBM 157"]
[Source "ChessBase"]
[SourceDate "2013.11.12"]
[SourceVersion "1"]
[SourceVersionDate "2013.11.12"]
[SourceQuality "1"]

1. Nf3 d5 2. g3 e6 3. Bg2 f5 4. d4 Bd6 5. 0-0 Nf6 6. c4 c6 7. b3 Qe7 8. Bb2 0-0 9. Ne5 b6 10. Nd2 Bb7 11. Rc1 Nbd7 12. cxd5 cxd5 13. Ndc4 Rac8 14. Nxd6 Qxd6 15. Qd3 Rxc1 16. Rxc1 Rc8 17. Rxc8+ Bxc8 18. Qc3 Bb7 19. Qc1 Nb8 20. a4 Ne8 21. Ba3 Qd8 22. Qe3 a5 23. g4 Qf6 24. gxf5 exf5 25. Nd7 1-0

[Event "OP-2011-0-01695"]
[Site "LSS email"]
[Date "2011.08.01"]
[Round "?"]
[White "Gurri Mancera, Ferran"]
[Black "Pons, Francisco"]
[Result "1/2-1/2"]
[WhiteElo "1499"]
[BlackElo "1257"]
[PlyCount "65"]
[EventDate "2011.07.29"]
[EventType "tourn (corr)"]
[EventRounds "4"]
[EventCountry "GER"]
[SourceTitle "Telechess CBM 157"]
[Source "ChessBase"]
[SourceDate "2013.11.12"]
[SourceVersion "1"]
[SourceVersionDate "2013.11.12"]
[SourceQuality "1"]

1. d4 d5 2. c4 e6 3. Nc3 c6 4. Nf3 dxc4 5. a4 Bb4 6. Bd2 Bxc3 7. Bxc3 Nf6 8. e3 0-0 9. Bxc4 a5 10. 0-0 Nd5 11. Qd2 Nxc3 12. bxc3 Nd7 13. e4 Nf6 14. Rfe1 b6 15. Ne5 Bb7 16. Rab1 c5 17. f3 Rc8 18. Qb2 cxd4 19. cxd4 Nd7 20. Nxd7 Qxd7 21. Bb5 Bc6 22. Red1 Bxb5 23. Qxb5 Qxb5 24. Rxb5 Rc4 25. Rxb6 Rxa4 26. d5 Rd8 27. Kf2 Kf8 28. Rd2 exd5 29. exd5 Rd7 30. Ra6 f5 31. Ke2 Ke7 32. g3 Ra3 33. h4 1/2-1/2

[Event "OP-2011-0-01697"]
[Site "LSS email"]
[Date "2011.08.01"]
[Round "?"]
[White "Husemann, Andreas"]
[Black "Gurri Mancera, Ferran"]
[Result "1-0"]
[WhiteElo "2041"]
[BlackElo "1786"]
[PlyCount "39"]
[EventDate "2011.07.30"]
[EventType "tourn (corr)"]
[EventRounds "4"]
[EventCountry "GER"]
[SourceTitle "Telechess CBM 151"]
[Source "ChessBase"]
[SourceDate "2012.11.13"]
[SourceVersion "1"]
[SourceVersionDate "2012.11.13"]
[SourceQuality "1"]

1. d4 e6 2. c4 f5 3. g3 Nf6 4. Bg2 d5 5. Nh3 c6 6. 0-0 Bd6 7. Qc2 0-0 8. Bf4 b6 9. Nd2 Ne4 10. Nxe4 fxe4 11. f3 Bxf4 12. Nxf4 exf3 13. Rxf3 g5 14. Nh5 Rxf3 15. Bxf3 a5 16. Rf1 Ra7 17. Bg4 Na6 18. cxd5 cxd5 19. Qd2 h6 20. Qd3 1-0

[Event "OP-2011-0-01695"]
[Site "LSS email"]
[Date "2011.08.01"]
[Round "?"]
[White "Larwinski, Paul"]
[Black "Gurri Mancera, Ferran"]
[Result "1-0"]
[WhiteElo "2035"]
[BlackElo "1499"]
[PlyCount "71"]
[EventDate "2011.07.29"]
[EventType "tourn (corr)"]
[EventRounds "4"]
[EventCountry "GER"]
[SourceTitle "Telechess CBM 157"]
[Source "ChessBase"]
[SourceDate "2013.11.12"]
[SourceVersion "1"]
[SourceVersionDate "2013.11.12"]
[SourceQuality "1"]

1. e4 c5 2. Nf3 d6 3. Bb5+ Bd7 4. Bxd7+ Qxd7 5. 0-0 Nc6 6. c3 Nf6 7. d4 Nxe4 8. d5 Ne5 9. Re1 Nxf3+ 10. Qxf3 Nf6 11. c4 e5 12. dxe6 fxe6 13. Bg5 Be7 14. Nc3 0-0 15. Qh3 Kf7 16. Rad1 h6 17. Bxf6 Bxf6 18. Nb5 Bd4 19. Nxd4 cxd4 20. Rxd4 Rad8 21. Re3 Rfe8 22. Rg4 e5 23. Reg3 Kf8 24. Rf3+ Kg8 25. Rf6 Kh7 26. Qh5 Rf8 27. Rxh6+ gxh6 28. Qg6+ Kh8 29. Rh4 Qg7 30. Rxh6+ Kg8 31. Qe6+ Qf7 32. Qg4+ Qg7 33. Rg6 Rf7 34. Rxg7+ Rxg7 35. Qe6+ Kh7 36. g3 1-0